Changing tracks : predators and politics in Mt. McKinley National Park /

Bibliographic Details
Main Author: Rawson, Timothy
Format: Book
Language:English
Published: Fairbanks : University of Alaska Press, [2001]
Subjects:

MARC

Tag First Indicator Second Indicator Subfields
LEADER 00000cam a22000004a 4500
001 in00004492221
005 20191203081937.0
008 010207s2001 akua b s001 0 eng
010 |a  2001027190 
020 |a 1889963526 (alk. paper) 
020 |a 1889963178 (pbk. : alk. paper) 
035 |a (OCoLC)ocm45890501 
035 |z (UtOrBLW)29793 
035 |a 44541 
040 |a DLC  |c DLC  |d C#P  |d UtOrBLW 
042 |a pcc 
043 |a n-us-ak 
049 |a TMVM  |c 1 
050 0 0 |a QL737.C22  |b R39 2001 
060 4 |a QL 737 C22  |b R262c 2001 
082 0 0 |a 333.95/9773/097983  |2 21 
100 1 |a Rawson, Timothy. 
245 1 0 |a Changing tracks :  |b predators and politics in Mt. McKinley National Park /  |c Timothy Rawson. 
264 1 |a Fairbanks :  |b University of Alaska Press,  |c [2001] 
264 4 |c ©2001 
300 |a xiv, 326 pages :  |b illustrations ;  |c 23 cm. 
336 |a text  |2 rdacontent  |b txt 
337 |a unmediated  |2 rdamedia 
338 |a volume  |2 rdacarrier  |b nc 
500 |a Originally presented as the author's thesis (M.A.)--University of Alaska, Fairbanks. 
504 |a Includes bibliographical references and index. 
650 2 |a Wolves. 
650 2 |a Animals, Wild. 
650 2 |a Public Policy. 
650 2 |a Public Opinion. 
651 2 |a Alaska. 
999 |a MARS 
999 f f |s 13e83054-5c38-3b91-b8b0-d10048ccfe21  |i a36a2b20-8efd-37b6-b57b-702ee5f9d6b4  |t 0 
952 f f |p ric  |a Texas A&M University  |b Rellis Campus  |c Joint Library Facility  |d Remote Storage  |t 0  |e QL 737 C22 R262c 2001  |h National Library of Medicine classification  |i unmediated -- volume  |m 323890169048A 
998 f f |a QL 737 C22 R262c 2001  |t 0  |l Remote Storage